Smoothest/Most Circular Countries Quiz Stats

 Plays Quiz not verified by Sporcle

Challenge
Share
Tweet
Embed
Score 0/22 Timer 05:00
0 Plays Today
Rank Country % Correct
18Lesotho
66.9%
2Swaziland
60.5%
19Sri Lanka
38.4%
9Zimbabwe
34.4%
12Niger
32.4%
21Chad
31.6%
20Botswana
30.8%
16Egypt
29.8%
6Algeria
26.9%
15Nigeria
26.7%
7Macedonia
26.6%
Rank Country % Correct
4Libya
26.5%
13Ethiopia
25.8%
22Kenya
24.9%
14Sierra Leone
23.8%
8Saudi Arabia
18.3%
5Barbados
17.4%
17Suriname
14.7%
1Mauritius
14.3%
3Saint Vincent and the Grenadines
12.8%
10Yemen
12.6%
11Trinidad and Tobago
8.7%

You're not logged in!

Compare scores with friends on all Sporcle quizzes.
Join for Free
OR
Log In

You Might Also Like...

Show Comments

Extras

Top Quizzes Today


Score Distribution

Your Account Isn't Verified!

In order to create a playlist on Sporcle, you need to verify the email address you used during registration. Go to your Sporcle Settings to finish the process.

Report this User

Report this user for behavior that violates our Community Guidelines.

Details: